Quizzes
Events
Quiz Creation
Community
Videos
Private Events
Remove Ads
Sign In
Join for FREE
Feedback
Dark Mode
Quiz Categories
Sports
Geography
Music
Movies
Television
Just For Fun
Miscellaneous
History
Literature
Language
Science
Gaming
Entertainment
Religion
Holiday
For Kids
Quiz Lab
Recent
Popular Today
Quiz Kudos Today
Editor Picks
Curator Picks
Quizzes by...
Day
Popularity
Type
Ratings
Length
Year
Community
Subscriptions
Recent Discussions
Orange Saloon
Badges
Playlists
Quests
Create
Leaderboards
Showdown
Live 5
Trivia Bingo
Activity
Puzzle Library
Sporcle Events
Private Events
Virtual Trivia
Globe League
Become a Host
Pub Owners
SporcleCon
Opinionation
Our Games
Videos
Blog
Mobile Apps
Partnerships
Remove Ads and Go Orange
Feedback
Sports
Athletes
MLB
NBA
NHL
NFL
Soccer
Sports Teams
WWE
NCAA
Football
Premier League
Basketball
Baseball
Hockey
Golf
Tennis
Cricket
Rugby
Auto Racing
Olympics
World Cup
Sports
Athletes
MLB
NBA
NHL
NFL
Soccer
Sports Teams
WWE
NCAA
Football
Premier League
Basketball
Baseball
Hockey
Golf
Tennis
Cricket
Rugby
Auto Racing
Olympics
World Cup
Random Quiz
Search Sporcle
×
Quiz Lab
Quiz Lab
Sports
Canada
Type in answers that appear in a list
Type in answers that appear in a list
Classic
Best Score? Go Orange.
Canadian Curling Champions Since 1980 Stats
Can you name the Canadian curling champion skips since 1980?
By
esatikkanen
10m
60 Questions
505 Plays
505 Plays
505 Plays
Comments
Comments
Give Quiz Kudos
Give Quiz Kudos
-
- Ratings
hide this ad
Replay
Link that replays current quiz
Next Quiz
Link to next quiz in quiz playlist
You Got
0%
They Got
Avg Score
59%
Avg Friend Score
Upgrade to see
Score Distribution
Jump to the score distribution portion of the page
Score
0/60
Timer
10:00
0
Plays Today
Men/Women
Champion Skip
% Correct
Men
Kevin Martin
93.3%
Men
Kevin Martin
93.3%
Men
Kevin Martin
93.3%
Men
Kevin Martin
93.3%
Women
Jennifer Jones
93.1%
Women
Jennifer Jones
93.1%
Women
Jennifer Jones
93.1%
Women
Colleen Jones
92.1%
Women
Colleen Jones
92.1%
Women
Colleen Jones
92.1%
Women
Colleen Jones
92.1%
Women
Colleen Jones
92.1%
Women
Colleen Jones
92.1%
Men
Glenn Howard
89.3%
Men
Russ Howard
88.7%
Men
Russ Howard
88.7%
Men
Randy Ferbey
81.5%
Men
Randy Ferbey
81.5%
Men
Randy Ferbey
81.5%
Men
Randy Ferbey
81.5%
Women
Sandra Peterson
79%
Women
Sandra Peterson
79%
Women
Sandra Schmirler
79%
Men
Jeff Stoughton
75.4%
Men
Jeff Stoughton
75.4%
Men
Mark Dacey
62.7%
Women
Kelly Scott
58.1%
Women
Kelly Scott
58.1%
Men
Wayne Middaugh
57.9%
Men
Jean-Michel Ménard
56.9%
Men/Women
Champion Skip
% Correct
Men
Al Hackner
55.4%
Men
Al Hackner
55.4%
Women
Kelley Law
53.2%
Men
Ed Werenich
51.2%
Men
Ed Werenich
51.2%
Men
Kerry Burtnyk
50.8%
Men
Kerry Burtnyk
50.8%
Men
Pat Ryan
49.2%
Men
Pat Ryan
49.2%
Women
Connie Laliberte
46.2%
Women
Connie Laliberte
46.2%
Women
Connie Laliberte
46.2%
Men
Vic Peters
43.5%
Men
Rick Folk
42.1%
Men
Rick Folk
42.1%
Women
Marilyn Darte
33.5%
Women
Marilyn Bodogh
33.5%
Women
Heather Houston
32.5%
Women
Heather Houston
32.5%
Men
Greg McAulay
30.2%
Men
Ed Lukowich
28.8%
Women
Cathy Borst
28.8%
Women
Linda Moore
27%
Women
Alison Goring
25.2%
Women
Julie Sutton
20.2%
Men
Michael Riley
12.5%
Women
Pat Sanders
8.7%
Women
Marj Mitchell
7.9%
Women
Penny Larocque
7.9%
Women
Susan Seitz
4.8%
Quiz Playlist
Details
Report
Send in Message
Add To Playlist
Classic:
Type in answers that appear in a list
Quiz Source
Last Updated: Apr 16, 2017
Quiz Scoreboard
CHALLENGE
Sign Up to Join the Scoreboard
Show All
Scores
Hide
Comments
May contain spoilers
Recently Published
College Basketball Coaching Resumes
by pancakes188
Sports
9m
Billboard Blitz: Fleetwood Mac
by CooCooCachoo
Music
15s
Presidents Visiting Landmarks
by Hejman
History
7m
More to Explore
Quiz From the Vault
Featured Blog Post
Where Did the Easter Bunny Come From?
hide this ad
You Might Also Like...
Tags
Canada Quiz
1980
champion
Curling
men
skip
Women
Today's Top Quizzes in Sports
Browse Sports
hide this ad
Today's Top Quizzes in Canada
Browse Canada
Top Contributed Quizzes in Sports
1
2022 World Cup Stars
2
Les meilleurs buteurs des matchs entre le PSG et l’OM
3
FIFA Club World Cup Champions
4
Les entraîneurs de l'OM et du PSG au 21e siècle
5
Criteria MLB: Left Handed Sluggers
6
AFC Teams Reveal (Wrong Answers Minefield)
7
5-to-1: UK Sports Teams
8
5-to-1: FBS Animal Nicknames
9
2023 MLB Unique Player Accomplishments
10
Name the Premier League winners with different clubs
Explore More
Trending Topics
Harry Potter
NBA
Crossword
Anime
Kpop
Disney
Marvel
NFL
Pokémon
Country
WWE
Song
The Office
Soccer
Puzzle
hide this ad
More By:
esatikkanen
Quiz
Plays
Rating
Category
Featured
Created
NFL 100 Reception Seasons
3,226
4.00
Sports
Sep 26, 2009
Canadian Curling Champions Since 1980
505
4.00
Sports
Sep 26, 2009
NHL 2008-09 Scoring Leaders
457
4.50
Sports
Sep 28, 2009
Celtics First Round Picks
334
5.00
Sports
Sep 25, 2009
Go to Creator's Profile
Score Distribution
Quiz Creator Spotlight
esatikkanen
Follow
Send a Message
Quizzes Created
-
Created Quiz Play Count
-
More By This Creator
Popular Quizzes Today
1
Find the US States - No Outlines Minefield
2
Find the Countries of Europe - No Outlines Minefield
3
The Countries of the World
4
Find the US States
5
Risky Map Clicking: Biggest States A-Z
6
US States
7
Popular People in 1961
8
Movies - When Are They Set?
More Sports Quizzes
F1 drivers to have raced for Ligier
Quiz Lab
Trending Quizzes
Risky Map Clicking: Least Populous States A-Z
1-10 Letter G Words
1-10 Letter F Words
Risky Map Clicking: Next State Alphabetically
Risky Map Clicking: Biggest States A-Z
Recently Updated
Leaping Animals
pecheneg
Reality TV Shows (A-Z)
bhenderson79
Rickey Henderson's Hall of Fame Teammates
pecheneg
Champions League XIs: Arsenal
pecheneg
Quick Pick: Celebrities in WWE's Hall of Fame
aduchscher
A-Z Keypad Blitz II
pecheneg
Multiple Oscar Actors
pecheneg
Mystery Phrase Blitz: Oscar 'Best Actors'
pecheneg
F. Scott Fitzgerald Novels
LTH
Pick 3 Villains
ddd62291
Trending Topics
NBA
Harry Potter
Kpop
Anime
Disney
Marvel
Crossword
Song
Country
Puzzle
The Office
NFL
WWE
Soccer
Pokémon
Your Account Isn't Verified!
In order to create a playlist on Sporcle, you need to verify the email address you used during registration. Go to your
Sporcle Settings
to finish the process.
Report this User
Report this user for behavior that violates our
Community Guidelines
.
Details:
Send Report
Go to the Sporcle.com Mobile Site →
Comments